000 00537nam a2200217Ia 4500
003 OSt
005 20250429181218.0
008 210423s2009 xx 000 0 und d
020 _a8181282388
040 _cAL
041 _aeng
082 _a519.535 DINM
100 _aDINEEN (Sean).
_999823
245 _aMultivariate calculus and geometry.
250 _a2
260 _aNew Delhi
_bSpringer Pvt Ltd
_c2009
300 _axii,254
_bPB
365 _b275
_cINR
906 _acalculus ; geometry. ; Multivariate
942 _2ddc
_cBK
999 _c160155
_d160155